00501nam a2200133Ia 4500008004100000245013900041260004900180260000900229300001000238500001200248650001600260999001900276952007200295170224s9999 xx 000 0 und d aAmerican individualism rises and falls with the economy: Cross-temporal evidence that individualism declines when the economy falters. bJournal of Personality and Social Psychology c2016 a111:4 aOctober xPsychology. c316360d316360 001040aCLbCLd2017-02-24l0r2017-02-24 00:00:00w2017-02-24ySE